[Event "14th EUR-ch"]
[Site "Minsk BLR"]
[Date "2017.06.01"]
[Round "3.18"]
[White "Sviridov, Valery"]
[Black "Demchenko, Anton"]
[Result "1/2-1/2"]
[WhiteElo "2504"]
[BlackElo "2629"]
[EventDate "2017.05.30"]
[PlyCount "104"]

1.d4 Nf6 2.c4 g6 3.Nf3 Bg7 4.g3 O-O 5.Bg2 d6 6.O-O Nbd7 7.Nc3 e5 8.e4 exd4
9.Nxd4 Re8 10.h3 Nc5 11.Re1 Bd7 12.Rb1 a5 13.b3 h6 14.f3 Nh7 15.Be3 h5 16.
Qd2 Ne6 17.Nxe6 Bxe6 18.Rbd1 h4 19.g4 g5 20.f4 gxf4 21.Bxf4 Be5 22.Rf1 Qe7
23.Nb5 a4 24.Nd4 axb3 25.axb3 Ra3 26.Qb4 Ra2 27.Qxb7 Bc8 28.Qb5 Bd7 29.Nc6
Bxc6 30.Qxc6 Bxf4 31.Rxf4 Rb8 32.Rdf1 Rxb3 33.Rxf7 Rg3 34.R7f2 Rxf2 35.
Rxf2 Ng5 36.Qd5+ Kg7 37.Kh2 Qe5 38.Qxe5+ dxe5 39.Rf5 Kg6 40.Rxe5 Rxh3+ 41.
Kg1 Rc3 42.Rc5 Ne6 43.Rh5 Rc1+ 44.Bf1 Ng5 45.Kf2 Nxe4+ 46.Ke3 Re1+ 47.Kf4 
Nf2 48.Bg2 Nd3+ 49.Kf3 Ne5+ 50.Kf4 Nd3+ 51.Kf3 Ne5+ 52.Kf4 Nd3+ 1/2-1/2

[Event "14th EUR-ch"]
[Site "Minsk BLR"]
[Date "2017.06.01"]
[Round "3.19"]
[White "Kovalev, Vladislav"]
[Black "Shevchenko, Kirill"]
[Result "1/2-1/2"]
[WhiteElo "2629"]
[BlackElo "2491"]
[EventDate "2017.05.30"]
[PlyCount "191"]

1.e4 c5 2.Nf3 d6 3.d4 cxd4 4.Nxd4 Nf6 5.Nc3 a6 6.h3 e5 7.Nde2 h5 8.g3 Nbd7
9.a4 b6 10.Nd5 Nxd5 11.Qxd5 Rb8 12.Nc3 Bb7 13.Qd1 Be7 14.Bg2 h4 15.g4 Nc5 
16.O-O Ne6 17.Be3 Bg5 18.Bxg5 Nxg5 19.Qd2 Ne6 20.Rad1 Ke7 21.Rfe1 g5 22.
Re3 Qd7 23.Bf1 Nf4 24.Bc4 Rhc8 25.Bb3 Rc5 26.Ne2 Rd8 27.Kh2 Bc6 28.Qb4 
Nxe2 29.Rxe2 Qc7 30.Qd2 f6 31.Qe3 Qd7 32.Red2 Qb7 33.Re1 Qd7 34.Ba2 a5 35.
Qb3 Rf8 36.Red1 Bxa4 37.Qxb6 Bc6 38.Rxd6 Qxd6 39.Rxd6 Kxd6 40.Bd5 Rxc2 41.
Qxa5 Rb8 42.Qa3+ Rc5 43.Qa6 Rc2 44.Kg1 Kc7 45.Qa5+ Rb6 46.b4 Kb7 47.Qa3 
Bxd5 48.exd5 Rd2 49.Qf3 Rd6 50.Qe4 Kb6 51.Qc4 R2xd5 52.Kg2 Rb5 53.Qc8 Rxb4
54.Qb8+ Kc5 55.Qc7+ Rc6 56.Qe7+ Kc4 57.Qf7+ Kc3 58.Qd7 Rcc4 59.Qd1 Rf4 60.
Qc1+ Kd4 61.Qd2+ Kc5 62.Qc3+ Kd6 63.Qd3+ Rbd4 64.Qa3+ Ke6 65.Qf8 Rc4 66.
Qe8+ Kd5 67.Qd7+ Kc5 68.Qc7+ Kb4 69.Qb6+ Kc3 70.Qa5+ Kb2 71.Qb5+ Kc1 72.
Qa5 Rb4 73.Qc5+ Kb1 74.Qc3 Rfd4 75.Qf3 Rb6 76.Qc3 Rd1 77.Qc4 Rd4 78.Qf1+ 
Kb2 79.Qe2+ Ka3 80.Qf3+ Kb4 81.Qe2 Kc5 82.Qc2+ Rc4 83.Qd2 Rd4 84.Qc2+ Kd6 
85.Qc8 Rc6 86.Qd8+ Ke6 87.Qe8+ Kd5 88.Qd7+ Kc5 89.Qa7+ Kd6 90.Qb8+ Kd7 91.
Qf8 e4 92.Qf7+ Kc8 93.Qe7 Rcd6 94.Kg1 Rd3 95.Kg2 R3d4 96.Kg1 1/2-1/2

[Event "14th EUR-ch"]
[Site "Minsk BLR"]
[Date "2017.06.01"]
[Round "3.20"]
[White "Theodorou, Nikolas"]
[Black "Hracek, Zbynek"]
[Result "1/2-1/2"]
[WhiteElo "2495"]
[BlackElo "2612"]
[EventDate "2017.05.30"]
[PlyCount "45"]

1.g3 c5 2.Bg2 Nc6 3.c4 g6 4.Nc3 Bg7 5.a3 d6 6.Rb1 e6 7.b4 Nge7 8.Nf3 O-O 
9.O-O b6 10.e3 Bb7 11.d4 Rc8 12.Qd3 cxb4 13.axb4 a5 14.Ba3 axb4 15.Bxb4 
Ba6 16.Nb5 Nxb4 17.Rxb4 Nc6 18.Rbb1 Na5 19.Nd2 Qd7 20.Na3 d5 21.Rxb6 Bxc4 
22.Naxc4 Nxc4 23.Rbb1 1/2-1/2

[Event "14th EUR-ch"]
[Site "Minsk BLR"]
[Date "2017.06.01"]
[Round "3.21"]
[White "Klekowski, Maciej"]
[Black "Fridman, Daniel"]
[Result "0-1"]
[WhiteElo "2473"]
[BlackElo "2605"]
[EventDate "2017.05.30"]
[PlyCount "144"]

1.d4 d5 2.c4 e6 3.Nc3 Nf6 4.Nf3 Be7 5.Bf4 O-O 6.e3 Nbd7 7.Qc2 c5 8.Rd1 Qa5
9.Nd2 cxd4 10.exd4 Nb8 11.Be2 Nc6 12.Nb3 Qd8 13.O-O b6 14.a3 Ba6 15.Nc1 
Bxc4 16.Bxc4 dxc4 17.Qa4 Na5 18.Rfe1 a6 19.b4 cxb3 20.Nxb3 Re8 21.Nxa5 b5 
22.Nc6 bxa4 23.Nxd8 Raxd8 24.Nxa4 Bxa3 25.Rd3 Bb4 26.Rb1 Nd5 27.Bd2 a5 28.
g3 Rc8 29.Nc5 h6 30.Na6 Rc6 31.Nxb4 axb4 32.Kf1 Rc4 33.Ke2 Rb8 34.Rb2 Rb7 
35.Be1 g5 36.Rd1 b3 37.Rdb1 Nc3+ 38.Bxc3 Rxc3 39.Kd2 Rf3 40.Ke2 g4 41.h3 
h5 42.hxg4 hxg4 43.Rc1 Rb4 44.Rc5 Kh7 45.d5 exd5 46.Rxd5 Kg6 47.Kd1 Re4 
48.Rbd2 Ra4 49.Ke2 Rb4 50.Rb2 Kf6 51.Kd1 Ke6 52.Rd8 Ke7 53.Rd5 Rb6 54.Kc1 
Rc6+ 55.Kb1 Re6 56.Rd1 Rd3 57.Rbd2 Rxd2 58.Rxd2 Rf6 59.Rd3 Rxf2 60.Rxb3 
Rf3 61.Kc2 Rxb3 62.Kxb3 Ke6 63.Kc4 Ke5 64.Kd3 f6 65.Ke3 f5 66.Kd3 f4 67.
Ke2 f3+ 68.Ke3 Kd5 69.Kd3 f2 70.Ke2 Ke4 71.Kxf2 Kd3 72.Kf1 Ke3 0-1

[Event "14th EUR-ch"]
[Site "Minsk BLR"]
[Date "2017.06.01"]
[Round "3.22"]
[White "Vocaturo, Daniele"]
[Black "Minasian, Artashes"]
[Result "0-1"]
[WhiteElo "2604"]
[BlackElo "2480"]
[EventDate "2017.05.30"]
[PlyCount "108"]

1.e4 g6 2.d4 Bg7 3.Nc3 d6 4.f4 Nf6 5.Nf3 O-O 6.e5 dxe5 7.fxe5 Nd5 8.Bc4 
Be6 9.Qe2 c6 10.Ne4 Qb6 11.c3 Nc7 12.Bxe6 Nxe6 13.Nfg5 Nxg5 14.Bxg5 Qd8 
15.O-O Nd7 16.e6 fxe6 17.Nd6 Rxf1+ 18.Rxf1 Nf8 19.Nxb7 Qd5 20.Bxe7 Nd7 21.
Nd6 e5 22.dxe5 Nxe5 23.Ne4 Qd3 24.Qe1 Re8 25.Qh4 g5 26.Bxg5 Ng6 27.Nf2 
Qxf1+ 28.Kxf1 Nxh4 29.Bxh4 Kf7 30.Nd3 Ke6 31.Bf2 Re7 32.c4 Kf5 33.b3 Bc3 
34.Nc5 Ba5 35.Nd3 Bc3 36.Nc5 Bd2 37.Nd3 Be3 38.Nb4 Bxf2 39.Kxf2 Re6 40.Kf3
Ke5 41.Nc2 a5 42.Ke3 Kd6+ 43.Kd3 Rg6 44.Ne3 Rf6 45.a3 Rf2 46.h4 Ke6 47.b4 
a4 48.b5 Rb2 49.Nc2 Rb3+ 50.Ke4 c5 51.g4 Rc3 52.Ne3 Rxa3 53.Nd5 Rb3 54.g5 
a3 0-1

[Event "14th EUR-ch"]
[Site "Minsk BLR"]
[Date "2017.06.01"]
[Round "3.23"]
[White "Can, Emre"]
[Black "Navara, David"]
[Result "0-1"]
[WhiteElo "2589"]
[BlackElo "2739"]
[EventDate "2017.05.30"]
[PlyCount "104"]

1.d4 Nf6 2.c4 g6 3.Nc3 d5 4.Nf3 Bg7 5.Qb3 dxc4 6.Qxc4 O-O 7.e4 a6 8.Be2 b5
9.Qb3 c5 10.dxc5 Be6 11.Qc2 Nbd7 12.Be3 Rc8 13.Rd1 b4 14.Nd5 Bxd5 15.exd5 
Nxc5 16.O-O Qd6 17.Qc4 Nce4 18.Qxa6 Rc2 19.Bd4 Nc5 20.Qxd6 exd6 21.Bb5 
Nfe4 22.Ne1 Rd2 23.Nf3 Rxd1 24.Rxd1 Ra8 25.Bc4 Na4 26.Bxg7 Kxg7 27.Rd4 
Nec5 28.Bb3 Nxb2 29.Rxb4 Nxb3 30.Rxb3 Rxa2 31.h3 Nd1 32.Ng5 Rxf2 33.Rd3 
Nb2 34.Rb3 Rf5 35.Nxf7 Kxf7 36.Rxb2 Kf6 37.Rb5 h5 38.g3 Ke5 39.Kg2 Ke4 40.
Rb4+ Kxd5 41.Rb1 Rf6 42.g4 hxg4 43.hxg4 Kc5 44.Rc1+ Kd4 45.Kg3 d5 46.g5 
Re6 47.Kf4 Re4+ 48.Kg3 Ke5 49.Rf1 d4 50.Rf8 d3 51.Re8+ Kd4 52.Rg8 Ke3 0-1

[Event "14th EUR-ch"]
[Site "Minsk BLR"]
[Date "2017.06.01"]
[Round "3.24"]
[White "Andreikin, Dmitry"]
[Black "Grigoriants, Sergey"]
[Result "1-0"]
[WhiteElo "2723"]
[BlackElo "2576"]
[EventDate "2017.05.30"]
[PlyCount "83"]

1.e4 e5 2.Nf3 Nc6 3.Bb5 a6 4.Ba4 Nf6 5.O-O Be7 6.Re1 b5 7.Bb3 d6 8.c3 O-O 
9.d4 Bg4 10.d5 Na5 11.Bc2 Qc8 12.h3 Bd7 13.Nbd2 c6 14.dxc6 Bxc6 15.Nf1 Re8
16.Bg5 Qe6 17.b3 Rac8 18.Qd2 Nh5 19.g4 Nf6 20.Ng3 g6 21.Bh4 Nd7 22.Ng5 
Bxg5 23.Bxg5 Nb7 24.b4 Nb6 25.Bb3 Nc4 26.Bxc4 bxc4 27.f4 f6 28.f5 Qe7 29.
Be3 Rcd8 30.a4 d5 31.b5 dxe4 32.Qf2 axb5 33.axb5 Bxb5 34.fxg6 hxg6 35.Nxe4
Rf8 36.Rf1 f5 37.Bg5 fxe4 38.Bxe7 Rxf2 39.Rxf2 Re8 40.Bb4 Nd8 41.Rf6 Ne6 
42.Ra5 1-0

[Event "14th EUR-ch"]
[Site "Minsk BLR"]
[Date "2017.06.01"]
[Round "3.25"]
[White "Alexeenko, Kirill"]
[Black "Yakovenko, Dmitry"]
[Result "1/2-1/2"]
[WhiteElo "2585"]
[BlackElo "2718"]
[EventDate "2017.05.30"]
[PlyCount "194"]

1.e4 e5 2.Nf3 Nc6 3.Bb5 Nf6 4.d3 Bc5 5.Nbd2 O-O 6.Nb3 Bd6 7.O-O a6 8.Bxc6 
dxc6 9.Bg5 c5 10.Nbd2 Qe7 11.Nc4 Qe6 12.Nfd2 h6 13.Bh4 b5 14.Ne3 g6 15.Qf3
Nh5 16.Nb1 Nf4 17.Nc3 c6 18.a4 Bd7 19.h3 Kg7 20.b3 f6 21.Ra2 b4 22.Ne2 Qf7
23.Nc4 Bc7 24.Bg3 Ne6 25.Qe3 g5 26.Qd2 Rab8 27.f3 h5 28.h4 gxh4 29.Bxh4 
Qg6 30.Raa1 Kh7 31.Kf2 Rg8 32.Rg1 Nd4 33.Raf1 Be6 34.Nxd4 cxd4 35.g4 hxg4 
36.fxg4 Bxg4 37.Ke1 Rbf8 38.Rf2 Rg7 39.Rfg2 f5 40.exf5 Qxf5 41.Qf2 Qxf2+ 
42.Bxf2 Rf4 43.Bg3 Bf3 44.Bxf4 Bxg2 45.Bxe5 Bxe5 46.Nxe5 Re7 47.Rxg2 Rxe5+
48.Kf2 Rf5+ 49.Ke2 a5 50.Rg4 Rc5 51.Kd2 Rd5 52.Re4 Kg6 53.Re6+ Kf5 54.Rxc6
Kf4 55.Rb6 Rg5 56.Re6 Rd5 57.Rh6 Rg5 58.Re6 Rd5 59.Re4+ Kf5 60.Rh4 Kg5 61.
Rh8 Kf4 62.Ke2 Re5+ 63.Kf2 Rc5 64.Rh4+ Kg5 65.Rxd4 Rxc2+ 66.Ke3 Rc3 67.
Rd5+ Kf6 68.Rxa5 Rxb3 69.Rb5 Ke6 70.Ke4 Kd6 71.d4 Kc6 72.d5+ Kd6 73.Kd4 
Rb1 74.Kc4 Rc1+ 75.Kxb4 Rb1+ 76.Ka5 Ra1 77.Rb4 Kc5 78.d6 Kxd6 79.Kb6 Kd7 
80.Rc4 Rb1+ 81.Ka7 Rb2 82.a5 Rb1 83.a6 Rb2 84.Rh4 Kc7 85.Rh7+ Kc8 86.Rb7 
Rc2 87.Rb8+ Kc7 88.Rg8 Rb2 89.Rg7+ Kc8 90.Rg4 Kc7 91.Rc4+ Kd7 92.Rc5 Rb1 
93.Ka8 Rb2 94.Rc3 Rb1 95.Rh3 Kc7 96.Rh7+ Kc8 97.Rh8+ Kc7 1/2-1/2

[Event "14th EUR-ch"]
[Site "Minsk BLR"]
[Date "2017.06.01"]
[Round "3.26"]
[White "Kryvoruchko, Yuriy"]
[Black "Svane, Rasmus"]
[Result "1/2-1/2"]
[WhiteElo "2714"]
[BlackElo "2573"]
[EventDate "2017.05.30"]
[PlyCount "85"]

1.e4 c6 2.d4 d5 3.e5 Bf5 4.Nf3 e6 5.Be2 c5 6.Be3 Qb6 7.Nc3 Nc6 8.O-O Qxb2 
9.Qe1 cxd4 10.Bxd4 Nxd4 11.Nxd4 Bb4 12.Rb1 Bxc3 13.Rxb2 Bxe1 14.Rxe1 b6 
15.Bb5+ Kf8 16.Nxf5 exf5 17.c4 dxc4 18.Bxc4 g5 19.Rbe2 Re8 20.e6 fxe6 21.
Bxe6 Nf6 22.Bxf5 Rxe2 23.Rxe2 Kf7 24.Be6+ Kg6 25.Bb3 Re8 26.Bc2+ Kf7 27.
Rxe8 Kxe8 28.f4 h6 29.fxg5 hxg5 30.Kf2 Ke7 31.Ke3 Ng4+ 32.Ke4 Nxh2 33.Kf5 
Nf1 34.Kxg5 Ne3 35.Be4 b5 36.Kf4 Nd1 37.Ke5 Nc3 38.Bd5 a5 39.Kd4 b4 40.Bb3
a4 41.Bxa4 Nxa4 42.Kc4 Nc3 43.Kxb4 1/2-1/2

[Event "14th EUR-ch"]
[Site "Minsk BLR"]
[Date "2017.06.01"]
[Round "3.27"]
[White "Svetushkin, Dmitry"]
[Black "Ponomariov, Ruslan"]
[Result "1/2-1/2"]
[WhiteElo "2573"]
[BlackElo "2712"]
[EventDate "2017.05.30"]
[PlyCount "29"]

1.e4 c5 2.Nf3 e6 3.d4 cxd4 4.Nxd4 a6 5.Nc3 Qc7 6.Bd3 g6 7.Be3 Bg7 8.Qd2 
Nf6 9.Bh6 O-O 10.O-O-O b5 11.Bxg7 Kxg7 12.h4 h5 13.f3 Nc6 14.Nxc6 dxc6 15.
Be2 1/2-1/2

[Event "14th EUR-ch"]
[Site "Minsk BLR"]
[Date "2017.06.01"]
[Round "3.28"]
[White "Leko, Peter"]
[Black "Deac, Bogdan-Daniel"]
[Result "1/2-1/2"]
[WhiteElo "2703"]
[BlackElo "2572"]
[EventDate "2017.05.30"]
[PlyCount "96"]

1.e4 e5 2.Nf3 Nc6 3.Bb5 Nf6 4.O-O Nxe4 5.d4 Nd6 6.Bxc6 dxc6 7.dxe5 Nf5 8.
Qxd8+ Kxd8 9.h3 Ke8 10.Nc3 Be6 11.Rd1 Bb4 12.Ne2 Bd5 13.Nfd4 Nxd4 14.Nxd4 
Rd8 15.Be3 Be4 16.c3 Be7 17.f3 Bg6 18.g4 Rd5 19.Bf4 Bc5 20.Kg2 Bxd4 21.
Rxd4 Rxd4 22.cxd4 Kd7 23.Rc1 Ke6 24.Be3 h5 25.Kg3 hxg4 26.fxg4 Rd8 27.h4 
Rd5 28.h5 Bh7 29.b4 a5 30.a3 Rb5 31.Bd2 Rd5 32.Be3 Rb5 33.Bd2 Rd5 34.Bc3 
axb4 35.axb4 b6 36.Bb2 c5 37.bxc5 bxc5 38.Rxc5 Rxc5 39.dxc5 c6 40.Kf4 Bc2 
41.Bc3 Ke7 42.Ba5 f6 43.Bc3 fxe5+ 44.Bxe5 g6 45.h6 Kf7 46.Kg5 Kg8 47.Kf6 
Kh7 48.g5 Be4 1/2-1/2

[Event "14th EUR-ch"]
[Site "Minsk BLR"]
[Date "2017.06.01"]
[Round "3.29"]
[White "Wagner, Dennis"]
[Black "Bacrot, Etienne"]
[Result "0-1"]
[WhiteElo "2571"]
[BlackElo "2696"]
[EventDate "2017.05.30"]
[PlyCount "162"]

1.e4 e5 2.Nf3 Nc6 3.Bc4 Bc5 4.c3 Nf6 5.d3 d6 6.a4 a6 7.O-O Ba7 8.Re1 h6 9.
Nbd2 O-O 10.h3 Ne7 11.Nf1 Ng6 12.Ng3 c6 13.Bb3 d5 14.exd5 Nxd5 15.d4 exd4 
16.Nxd4 Bd7 17.Bxd5 cxd5 18.Be3 f5 19.f4 Kh7 20.Qf3 Qh4 21.Nge2 Rae8 22.
Bf2 Qf6 23.Qxd5 Bc6 24.Nxc6 Bxf2+ 25.Kxf2 bxc6 26.Qd4 Qh4+ 27.Kg1 Re4 28.
Qf2 Rfe8 29.a5 Qe7 30.Kf1 Qb7 31.Qb6 Qe7 32.Qf2 Qf7 33.Rad1 Qc4 34.Rd4 Qb5
35.b4 Re3 36.h4 Rxc3 37.h5 Nf8 38.Red1 Rce3 39.R1d2 R8e7 40.Rc2 Qa4 41.
Rdc4 Qb5 42.Kg1 Nd7 43.Ng3 Nf6 44.Nf1 Re1 45.Rc1 Rxc1 46.Rxc1 Qxb4 47.Rxc6
Nxh5 48.Qc5 Qe4 49.Qc4 Nxf4 50.Qxe4 Rxe4 51.Rxa6 Re2 52.g3 Nh3+ 53.Kh1 Ng5
54.Rc6 Ne4 55.a6 Ra2 56.Kg1 h5 57.Ne3 Nxg3 58.Nd5 Ne2+ 59.Kf1 Nd4 60.Rb6 
h4 61.Nb4 Ra4 62.Kg2 g5 63.Rb7+ Kg6 64.a7 Kh5 65.Rd7 Nb5 66.Nc6 Ra2+ 67.
Kf3 Ra3+ 68.Kf2 h3 69.Rb7 Ra2+ 70.Kg1 Nxa7 71.Nxa7 Rc2 72.Rb6 g4 73.Rb1 g3
74.Nb5 Rd2 75.Na3 Kg4 76.Nc4 Re2 77.Kf1 Re4 78.Nd2 h2 79.Kg2 Re2+ 80.Kh1 
Kh3 81.Rb3 Re1+ 0-1

[Event "14th EUR-ch"]
[Site "Minsk BLR"]
[Date "2017.06.01"]
[Round "3.30"]
[White "Tomashevsky, Evgeny"]
[Black "Bortnyk, Olexandr"]
[Result "1/2-1/2"]
[WhiteElo "2696"]
[BlackElo "2567"]
[EventDate "2017.05.30"]
[PlyCount "74"]

1.d4 Nf6 2.Nf3 g6 3.c4 Bg7 4.Nc3 O-O 5.e4 d6 6.h3 a6 7.Be3 Nbd7 8.Be2 c5 
9.O-O cxd4 10.Nxd4 Nc5 11.Qc2 Bd7 12.Rfd1 Qc7 13.Rac1 Rfc8 14.b4 Ne6 15.
Nb3 Qd8 16.a4 b6 17.Nd5 Nxd5 18.exd5 Nf8 19.a5 bxa5 20.Nxa5 Rab8 21.Qd2 
Ba4 22.Re1 e6 23.Bf3 Qf6 24.Nc6 Bxc6 25.dxc6 Qb2 26.Rb1 Qxd2 27.Bxd2 Bd4 
28.Red1 e5 29.Bd5 Ne6 30.Bxe6 fxe6 31.b5 d5 32.Be3 dxc4 33.bxa6 Ra8 34.
Bxd4 exd4 35.Rxd4 Rxa6 36.Rxc4 Raxc6 37.Rxc6 Rxc6 1/2-1/2

[Event "14th EUR-ch"]
[Site "Minsk BLR"]
[Date "2017.06.01"]
[Round "3.32"]
[White "Donchenko, Alexander"]
[Black "Mamedov, Rauf"]
[Result "1/2-1/2"]
[WhiteElo "2563"]
[BlackElo "2689"]
[EventDate "2017.05.30"]
[PlyCount "125"]

1.d4 d5 2.c4 c6 3.Nf3 Nf6 4.e3 Bf5 5.Nc3 e6 6.Nh4 Be4 7.f3 Bg6 8.Qb3 Qc7 
9.Bd2 Be7 10.cxd5 cxd5 11.Nxg6 hxg6 12.O-O-O Nc6 13.Kb1 a6 14.Rc1 Rc8 15.
Bd3 Nd7 16.Ne2 b5 17.a4 bxa4 18.Qxa4 Nb6 19.Qxa6 Ra8 20.Qb5 Kd7 21.Rc3 
Rhc8 22.Rhc1 Qa7 23.Rxc6 Qa2+ 24.Kc2 Rxc6+ 25.Kd1 Nc4 26.Bxc4 dxc4 27.d5 
exd5 28.Nd4 Qa6 29.Qxd5+ Rd6 30.Qxf7 c3 31.bxc3 Rh8 32.Rb1 Rxh2 33.Rb8 Kc7
34.Qe8 Bd8 35.Rb2 Kc8 36.Rb5 Rxg2 37.Rc5+ Kb8 38.Rb5+ Ka8 39.Qe4+ Ka7 40.
Rb1 Rg1+ 41.Kc2 Rxb1 42.Kxb1 Qa4 43.Kc1 Rb6 44.Be1 Bf6 45.Bg3 Qc4 46.Kc2 
Qa2+ 47.Kd3 Qa6+ 48.Kc2 Qa2+ 49.Kd3 Qb1+ 50.Kc4 Qf1+ 51.Kc5 Bxd4+ 52.Kxd4 
Qd1+ 53.Kc4 Qa4+ 54.Kd3 Qd1+ 55.Kc4 Qd7 56.Qd5 Rc6+ 57.Kd4 Qxd5+ 58.Kxd5 
Rxc3 59.Be5 Rd3+ 60.Ke4 Rd7 61.Kf4 Rf7+ 62.Kg4 g5 63.f4 1/2-1/2

[Event "14th EUR-ch"]
[Site "Minsk BLR"]
[Date "2017.06.01"]
[Round "3.33"]
[White "Movsesian, Sergei"]
[Black "Shomoev, Anton"]
[Result "1/2-1/2"]
[WhiteElo "2680"]
[BlackElo "2550"]
[EventDate "2017.05.30"]
[PlyCount "126"]

1.e4 d5 2.exd5 Qxd5 3.Nc3 Qa5 4.d4 Nf6 5.h3 c6 6.Nf3 Bf5 7.Ne5 Nbd7 8.Nc4 
Qd8 9.g4 Be6 10.Bf4 Bxc4 11.Bxc4 e6 12.Bb3 Nb6 13.Be5 Nbd5 14.Nxd5 exd5 
15.Qe2 Qe7 16.O-O-O Nd7 17.Rhe1 Nxe5 18.dxe5 O-O-O 19.f4 Qb4 20.Qf3 Be7 
21.c3 Qa5 22.Qd3 g6 23.Kb1 Qc5 24.Re2 Rhe8 25.h4 Kb8 26.g5 Bf8 27.h5 a5 
28.a4 Qe7 29.Bc2 Qc7 30.Qf3 Re6 31.Rh2 Bc5 32.Ka2 Re7 33.Bb3 Ka7 34.Re2 
Rdd7 35.Qd3 Kb8 36.Rde1 Rd8 37.Rh1 Ka7 38.Bc2 Kb8 39.Qf3 Ka7 40.Bd3 Rde8 
41.Reh2 Qb6 42.Rh3 Rd8 43.Re1 Rde8 44.Rh2 Kb8 45.Rhe2 Qc7 46.Qg3 Ka8 47.f5
gxf5 48.Qf4 d4 49.cxd4 Rd8 50.Qxf5 Rxd4 51.Bc2 Rb4 52.Bb3 Qb6 53.Qd3 Bd4 
54.Rd2 Rxe5 55.Rxe5 Bxe5 56.Qd8+ Qxd8 57.Rxd8+ Ka7 58.Re8 f6 59.g6 hxg6 
60.hxg6 Rg4 61.Bc2 Rg2 62.Be4 Rg4 63.Bf5 Rg5 1/2-1/2

[Event "14th EUR-ch"]
[Site "Minsk BLR"]
[Date "2017.06.01"]
[Round "3.34"]
[White "Areschenko, Alexander"]
[Black "Ruck, Robert"]
[Result "1-0"]
[WhiteElo "2677"]
[BlackElo "2557"]
[EventDate "2017.05.30"]
[PlyCount "125"]

1.e4 c5 2.Nf3 d6 3.d4 cxd4 4.Nxd4 Nf6 5.Nc3 a6 6.Be2 e5 7.Nb3 Be7 8.Bg5 
Be6 9.Bxf6 Bxf6 10.Qd3 Nc6 11.O-O-O Nd4 12.Nxd4 exd4 13.Nd5 Bxd5 14.exd5 
O-O 15.Qf3 Re8 16.Bd3 Re5 17.Kb1 Qa5 18.g4 Rae8 19.h4 Re1 20.g5 Bd8 21.a3 
Qd2 22.Rdxe1 Rxe1+ 23.Ka2 g6 24.Rxe1 Qxe1 25.Qg4 Qe5 26.Qc8 Qe7 27.f4 h6 
28.gxh6 Kh7 29.h5 Kxh6 30.hxg6 fxg6 31.f5 gxf5 32.Qxf5 Kg7 33.Qh7+ Kf8 34.
Qh8+ Kf7 35.Bf5 Qf6 36.Qh5+ Kf8 37.Bc8 a5 38.Bxb7 d3 39.cxd3 Bb6 40.Qg4 
Bd4 41.Qc8+ Kg7 42.Bc6 Qf2 43.Qc7+ Kg8 44.Qb8+ Kg7 45.Bd7 Be5 46.Be6 Kh6 
47.Bd7 Kg7 48.Ba4 Kh6 49.Bd1 Kg7 50.Qc7+ Kf8 51.Qb7 Kg8 52.Bg4 Bg7 53.Qc8+
Qf8 54.Be6+ Kh7 55.Qxf8 Bxf8 56.b4 axb4 57.a4 Bh6 58.Kb3 Kg7 59.a5 Kf6 60.
a6 Be3 61.Kxb4 Ke7 62.Kb5 Kd8 63.Kc6 1-0

[Event "14th EUR-ch"]
[Site "Minsk BLR"]
[Date "2017.06.01"]
[Round "3.35"]
[White "Alexandrov, Alexei"]
[Black "Moiseenko, Alexander"]
[Result "1-0"]
[WhiteElo "2559"]
[BlackElo "2677"]
[EventDate "2017.05.30"]
[PlyCount "69"]

1.d4 Nf6 2.c4 e6 3.Nc3 Bb4 4.Qc2 d5 5.cxd5 exd5 6.Bg5 h6 7.Bh4 c5 8.dxc5 
g5 9.Bg3 Ne4 10.e3 Qa5 11.Ne2 Bf5 12.Bxb8 Rxb8 13.Nd4 Bg6 14.Bb5+ Kf8 15.
Bd3 Nxc3 16.O-O Ne4 17.a3 Bxc5 18.b4 Bxb4 19.axb4 Qxb4 20.Rfb1 Qd6 21.f3 
Nf6 22.Bxg6 fxg6 23.Rxa7 Qe7 24.Qc1 Kf7 25.Nc6 bxc6 26.Rxe7+ Kxe7 27.Qc5+ 
Ke6 28.Qxc6+ Ke7 29.Qc5+ Ke6 30.Qc6+ Ke7 31.Ra1 Rhd8 32.Ra6 Rb1+ 33.Kf2 
Rb2+ 34.Kg3 Nh5+ 35.Kh3 1-0

[Event "14th EUR-ch"]
[Site "Minsk BLR"]
[Date "2017.06.01"]
[Round "3.36"]
[White "Motylev, Alexander"]
[Black "Baron, Tal"]
[Result "1/2-1/2"]
[WhiteElo "2665"]
[BlackElo "2540"]
[EventDate "2017.05.30"]
[PlyCount "211"]

1.e4 c5 2.Nf3 Nc6 3.Bb5 g6 4.Bxc6 bxc6 5.O-O Bg7 6.Re1 Nh6 7.h3 O-O 8.c3 
f5 9.e5 Nf7 10.d4 cxd4 11.cxd4 c5 12.dxc5 Bb7 13.Bf4 Qa5 14.Nc3 Qxc5 15.
Qxd7 Bxf3 16.gxf3 Rfd8 17.Qe6 Rab8 18.Rad1 Rxd1 19.Rxd1 Rxb2 20.Rd8+ Bf8 
21.Nd1 Qb6 22.Rxf8+ Kxf8 23.Qc8+ Kg7 24.Nxb2 Qxb2 25.Qc5 g5 26.Qxe7 gxf4 
27.e6 Qf6 28.Qd7 Kf8 29.exf7 Qxf7 30.Qd8+ Kg7 31.a4 Qg6+ 32.Kh1 Qa6 33.
Qg5+ Kh8 34.Qd8+ Kg7 35.Qd4+ Kf7 36.Qd7+ Kg8 37.Qd5+ Kg7 38.Qd4+ Kf7 39.
Kg2 Qg6+ 40.Kh2 Qb6 41.Qd7+ Kg8 42.Kg2 Qg6+ 43.Kh2 Qb6 44.Qd2 a5 45.Kg2 
Qb4 46.Qd7 h6 47.h4 h5 48.Kh3 Qe1 49.Qd5+ Kg7 50.Qd4+ Kf7 51.Qc4+ Ke7 52.
Qc7+ Kf6 53.Qd6+ Kf7 54.Kg2 Qb4 55.Qxb4 axb4 56.a5 b3 57.a6 b2 58.a7 b1=Q 
59.a8=Q Qb6 60.Qd5+ Qe6 61.Qd4 Qg6+ 62.Kh2 Ke6 63.Qxf4 Kd5 64.Qd2+ Ke5 65.
Qe3+ Kd5 66.Qd3+ Kc5 67.Kh3 Qf6 68.Qc2+ Kd5 69.Qb3+ Kc5 70.Qa4 Qg6 71.Qf4 
Kd5 72.Qg5 Qf7 73.Kg3 Qc7+ 74.Kg2 Qf7 75.Qd2+ Kc6 76.Qc3+ Kd6 77.Qd4+ Kc6 
78.Kg3 Qc7+ 79.Qf4 Qg7+ 80.Qg5 Qc7+ 81.Kg2 Qf7 82.Qc1+ Kd5 83.Qc3 Kd6 84.
Qb4+ Kc6 85.Qa4+ Kc5 86.Qf4 Kd5 87.Qb8 Qg6+ 88.Kh1 Kc4 89.Qe5 Qf7 90.Kg2 
f4 91.Kf1 Kd3 92.Qb2 Qc4 93.Qf6 Kd2+ 94.Kg2 Qg8+ 95.Qg5 Qf7 96.Qa5+ Ke2 
97.Qe5+ Kd2 98.Qd4+ Kc2 99.Kf1 Kb3 100.Qd3+ Kb2 101.Qd6 Qc4+ 102.Ke1 Qc1+ 
103.Ke2 Qc4+ 104.Ke1 Qc1+ 105.Ke2 Qc4+ 106.Ke1 1/2-1/2

[Event "14th EUR-ch"]
[Site "Minsk BLR"]
[Date "2017.06.01"]
[Round "3.37"]
[White "Sadzikowski, Daniel"]
[Black "Zviagintsev, Vadim"]
[Result "1/2-1/2"]
[WhiteElo "2548"]
[BlackElo "2661"]
[EventDate "2017.05.30"]
[PlyCount "84"]

1.d4 d5 2.c4 e6 3.Nc3 Bb4 4.Qa4+ Nc6 5.e3 Bd7 6.Qc2 Nce7 7.a3 Bxc3+ 8.Qxc3
Nf6 9.Nf3 O-O 10.Be2 c5 11.cxd5 Ne4 12.Qc2 exd5 13.dxc5 Rc8 14.O-O Nxc5 
15.Bd2 Ba4 16.Qc3 Nb3 17.Qb4 b5 18.Rad1 Rc4 19.Bxc4 dxc4 20.e4 Nc6 21.Qc3 
Nbd4 22.Nxd4 Qxd4 23.Rde1 Qxc3 24.Bxc3 a5 25.f4 b4 26.axb4 axb4 27.Bd2 Bc2
28.e5 Rd8 29.Rf2 Bf5 30.Ra1 h5 31.h3 Rb8 32.Be1 Nd4 33.Ra4 Nc2 34.Rxc2 
Bxc2 35.Rxb4 Rxb4 36.Bxb4 Be4 37.Kf2 Bf5 38.Be7 Be6 39.Ke3 f6 40.exf6 Kf7 
41.f5 Bxf5 42.fxg7 Kxg7 1/2-1/2

[Event "14th EUR-ch"]
[Site "Minsk BLR"]
[Date "2017.06.01"]
[Round "3.38"]
[White "Riazantsev, Alexander"]
[Black "Blomqvist, Erik"]
[Result "1-0"]
[WhiteElo "2659"]
[BlackElo "2546"]
[EventDate "2017.05.30"]
[PlyCount "51"]

1.d4 d5 2.c4 c6 3.cxd5 cxd5 4.Bg5 f6 5.Bd2 Nc6 6.Nc3 e5 7.e4 Nxd4 8.Nge2 
Nxe2 9.Bxe2 Ne7 10.Qb3 d4 11.Bc4 dxc3 12.Bf7+ Kd7 13.O-O-O cxd2+ 14.Rxd2+ 
Kc7 15.Rxd8 Kxd8 16.Rd1+ Kc7 17.Be8 Bg4 18.Qc4+ Nc6 19.Bxc6 Bxd1 20.Bd5+ 
Kd8 21.Bxb7 Rb8 22.Qd5+ Kc7 23.Qc6+ Kd8 24.Kxd1 Bb4 25.a3 Ba5 26.Qd6+ 1-0

[Event "14th EUR-ch"]
[Site "Minsk BLR"]
[Date "2017.06.01"]
[Round "3.39"]
[White "Petrosyan, Manuel"]
[Black "Grachev, Boris"]
[Result "1/2-1/2"]
[WhiteElo "2546"]
[BlackElo "2658"]
[EventDate "2017.05.30"]
[PlyCount "90"]

1.d4 d5 2.c4 e6 3.Nc3 Nf6 4.cxd5 Nxd5 5.e4 Nxc3 6.bxc3 c5 7.a3 cxd4 8.cxd4
e5 9.Nf3 exd4 10.Qxd4 Qxd4 11.Nxd4 Bc5 12.Be3 Nc6 13.Bb5 Bd7 14.Nf5 Bxe3 
15.Nxe3 Ne5 16.a4 O-O 17.Ke2 Be6 18.f4 a6 19.fxe5 axb5 20.axb5 Bd7 21.b6 
Bc6 22.Rxa8 Rxa8 23.Nd5 Re8 24.Rc1 Bxd5 25.exd5 Rxe5+ 26.Kd3 Rxd5+ 27.Ke4 
Rd8 28.Rc7 f6 29.Rxb7 Rd6 30.g4 g5 31.Ke3 Kh8 32.Kf3 Rd3+ 33.Ke4 Rd6 34.h3
Kg8 35.Ke3 Kh8 36.Ke2 Kg8 37.Ke1 Kh8 38.Ke2 Kg8 39.Ke3 Kh8 40.Rb8+ Kg7 41.
Ke4 Kh6 42.Ke3 Kg7 43.Ke4 Kh6 44.Rb7 Kg6 45.Ke3 Kh6 1/2-1/2

[Event "14th EUR-ch"]
[Site "Minsk BLR"]
[Date "2017.06.01"]
[Round "3.40"]
[White "Sanal, Vahap"]
[Black "Berkes, Ferenc"]
[Result "0-1"]
[WhiteElo "2533"]
[BlackElo "2654"]
[EventDate "2017.05.30"]
[PlyCount "78"]

1.e4 c5 2.Nf3 e6 3.d4 cxd4 4.Nxd4 a6 5.Nc3 Nc6 6.Nxc6 bxc6 7.Bd3 d5 8.O-O 
Nf6 9.e5 Nd7 10.Re1 Bb7 11.Na4 Qc7 12.Qe2 c5 13.c4 d4 14.b3 Be7 15.Bf4 O-O
16.Bg3 a5 17.f4 Qc6 18.Qc2 g6 19.Nb2 Kg7 20.Qf2 f5 21.exf6+ Nxf6 22.h3 
Rae8 23.Qd2 Bd6 24.Bh2 Qc7 25.Be2 Ne4 26.Qd3 Nc3 27.Bg4 Bxf4 28.Bxf4 Qxf4 
29.Rf1 Qd6 30.Rxf8 Rxf8 31.Re1 Qf4 32.Rf1 Qxf1+ 33.Qxf1 Rxf1+ 34.Kxf1 Be4 
35.Bxe6 Kf6 36.Bg8 g5 37.g3 Ke5 38.Kf2 Nxa2 39.Na4 Kd6 0-1

[Event "14th EUR-ch"]
[Site "Minsk BLR"]
[Date "2017.06.01"]
[Round "3.41"]
[White "Macieja, Bartlomiej"]
[Black "Siugirov, Sanan"]
[Result "0-1"]
[WhiteElo "2530"]
[BlackElo "2654"]
[EventDate "2017.05.30"]
[PlyCount "126"]

1.c4 Nf6 2.Nc3 e5 3.Nf3 Nc6 4.g3 Bb4 5.Nd5 Nxd5 6.cxd5 Nd4 7.Nxd4 exd4 8.
Bg2 O-O 9.O-O d6 10.a3 Bc5 11.b4 Bb6 12.e3 dxe3 13.dxe3 Qf6 14.Bd2 a5 15.
a4 axb4 16.Bxb4 Ba5 17.Qb3 Bxb4 18.Qxb4 b6 19.a5 Bf5 20.Ra3 bxa5 21.Rxa5 
Rab8 22.Qf4 g5 23.Qf3 Qe5 24.Ra7 Rb4 25.Qd1 Rc4 26.Qa1 Qxa1 27.Raxa1 Rb8 
28.Rfc1 Rbb4 29.Bf1 Rxc1 30.Rxc1 g4 31.Bc4 Kg7 32.Ba6 Kf6 33.Kf1 Rb6 34.
Bc4 Ke5 35.Ke1 Rb1 36.Rxb1 Bxb1 37.Be2 f5 38.Bf1 Kxd5 39.Kd2 Ke5 40.Kc3 c5
41.h3 Be4 42.Kc4 Bd5+ 43.Kc3 Bf3 44.Kc4 Be4 45.h4 Bf3 46.Bd3 Bd5+ 47.Kc3 
Be4 48.Bf1 d5 49.Be2 h6 50.Bd1 c4 51.Be2 Bf3 52.Bf1 Kd6 53.Kb4 Kc6 54.Kc3 
Kc5 55.Kc2 Kb4 56.Kb2 Ka4 57.Ka2 Ka5 58.Ka1 Kb4 59.Kb2 h5 60.Kc2 Ka3 61.
Kc3 Ka2 62.Kc2 Be4+ 63.Kc1 Kb3 0-1